00492cam a22001814a 4500020003600000040000800036082002600044245002500070260004800095300004000143490003600183650001500219650001500234650001500249700001900264942001000283999001700293 a0759100098 (cloth : alk. paper) cDLC00a305 ALT 2002 C152 Or.00aAncient Maya women / aWalnut Creek, CA :bAltaMira Press,cc2002. axiv, 293 p. :bill., maps ;c24 cm.1 aGender and archaeology series ; 0aMaya women 0aMaya women 0aMaya women1 aArdren, Traci. cAEDBB c18792d18792